000 00557nam a2200193Ia 4500
005 20250326141834.0
008 250326s9999 xx 000 0 und d
020 _a81-7100-058-4
037 _aTextbook
040 _aFMSL
_beng
_cFMSL
041 _aeng
_2eng
084 _aX620gD658 M8
_qFMSL
100 _aHusain F
_9745138
245 0 _aComputerisation and mechanisation in Indian Banks
_cHusain F
260 _aNew Delhi
_bNew Delhi, Deep & Deep
_c1988
300 _a219p
942 _cTB
_hX620gD658 M8
999 _c1292224
_d1292224